000 00222nam a22001097a 4500
999 _c65248
_d65245
082 _a297.923 ش ب ل
100 _aشبلی
245 _aسیر ۃالنبی
260 _aکراچی
300 _a۴۵۶
942 _cBK